El bosque de los tótems / (Registro nro. 10443)

Detalles MARC
000 -LEADER
fixed length control field 00626nam a2200241 b 4500
001 - CONTROL NUMBER
control field 45380
003 - CONTROL NUMBER IDENTIFIER
control field DO-SdBNP
005 - DATE AND TIME OF LATEST TRANSACTION
control field 20160620113851.0
007 - PHYSICAL DESCRIPTION FIXED FIELD--GENERAL INFORMATION
fixed length control field 45380
008 - FIXED-LENGTH DATA ELEMENTS--GENERAL INFORMATION
fixed length control field 971201s1997 sp | ||| ||spa
016 7# - NATIONAL BIBLIOGRAPHIC AGENCY CONTROL NUMBER
Record control number
Source BPMSU
017 ## - COPYRIGHT OR LEGAL DEPOSIT NUMBER
Copyright or legal deposit number
Assigning agency
035 ## - SYSTEM CONTROL NUMBER
System control number
040 ## - CATALOGING SOURCE
Original cataloging agency BPMSU
Language of cataloging spa
Transcribing agency BPMSU
Description conventions
080 #0 - UNIVERSAL DECIMAL CLASSIFICATION NUMBER
Universal Decimal Classification number
100 1# - MAIN ENTRY--PERSONAL NAME
Personal name Ibarrola, Agustín
Dates associated with a name 1930-
245 13 - TITLE STATEMENT
Title El bosque de los tótems /
Medium
Statement of responsibility, etc. Ibarrola
260 ## - PUBLICATION, DISTRIBUTION, ETC. (IMPRINT)
Place of publication, distribution, etc. [Madrid] :
Name of publisher, distributor, etc. RENFE,
Date of publication, distribution, etc. 1997
300 ## - PHYSICAL DESCRIPTION
Extent [79] p.
Other physical details il.
Dimensions 30 cm
600 17 - SUBJECT ADDED ENTRY--PERSONAL NAME
Personal name Ibarrola, Agustín
Dates associated with a name 1930-
Form subdivision Exposiciones
Source of heading or term
942 ## - ADDED ENTRY ELEMENTS (KOHA)
Source of classification or shelving scheme Dewey Decimal Classification
Koha item type Libros
956 ## - LOCAL ELECTRONIC LOCATION AND ACCESS (OCLC)
Host name VMATEO
Access number 10
Compression information 20160620
Path BPMSU
Electronic name 0069
Existencias
Withdrawn status Lost status Source of classification or shelving scheme Damaged status Not for loan Collection code Home library Current library Date acquired Total Checkouts Barcode Date last seen Price effective from Koha item type
    Dewey Decimal Classification       Biblioteca Pública Metropolitana Salomé Ureña Biblioteca Pública Metropolitana Salomé Ureña 06/20/2016   BPMET16060251 06/20/2016 06/20/2016 Libros